Vista normal Vista MARC

Entrada Materia (tema)

Número de registros utilizados en: 1

001 - CONTROL NUMBER

  • control field: 185234

003 - CONTROL NUMBER IDENTIFIER

  • control field: Co-BoUCM

005 - DATE AND TIME OF LATEST TRANSACTION

  • control field: 20250321140810.0

008 - FIXED-LENGTH DATA ELEMENTS

  • fixed length control field: 250321|| aca||aabn | a|a d

040 ## - CATALOGING SOURCE

  • Original cataloging agency: Co-BoUCM
  • Transcribing agency: Co-BoUCM

150 ## - HEADING--TOPICAL TERM

  • Topical term or geographic name as entry element: Proceso creativo
  • General subdivision: Estilos de ilustración

670 ## - SOURCE DATA FOUND

  • Source citation: Work cat.: (Co-BoUCM)325372: El Libro de Ideas para el Diseño Gráfico, 2016